Zgadnij zadymiarza z Brawl Stars #2 - Statystyki

Ogólne statystyki
  • Ten quiz został rozwiązany 203 razy
  • Średni wynik to 8 z 10
Statystyki odpowiedzi
Podpowiedź Odpowiedź % Poprawnych
Dawniej ta postać nazywała się Ricoshet (jest też taki do tej postaci skin) Rico
92%
Jest kaktusem Spike
92%
Jest najmniej lubianym zadymiarzem (nie buzz) Edgar
89%
Jest drugą zdobywaną postacią (po shelly) Nita
89%
Jest samurajem (Legendarna postać) Kenji
87%
Ta postać rzuca 3 bomby (ma skina bałwan...) Tick
81%
Ma skina PSG (nie shelly) Dynamike
78%
Puszcza bańki (uważany za najsłabszego zadymiarza) Hank
66%
Jego ultem jest wyrzucanie rekawicy (dzięki czemu jest szybszy) Sam
63%
Ta postać strzela 2 strzałkami które się odbijają (nie rico) Ruffs
54%
Nie znaleziono quizów pasujących do podanych kryteriów
Rozkład punktacji
Procent ludzi z każdym wynikiem
Percentyl według liczby udzielonych odpowiedzi
Twoja historia wyników
Nie rozwiązałeś tego quizu